Retrouve les chansons de Nekfeu - Statistiques

Statistiques générales
  • Ce quiz a été pris 80 fois
  • Le résultat moyen est 17 sur 21
Answers on the Grid
Answers color-coded by a green-red scale on the quiz's grid according to % correct below.
Ma dope
Mon manège à moi
Koala mouillé
Martin Eden
Princesse
Ciel noir
La quête
Doudou
La moue des morts
Tempête
Humanoïde
Sapés comme jamais
Galatée
Les cactus
Dans l'univers
7:77 am
Foule sentimentale
Risibles amours
Mauvaise graine
Sur un air latino
Bruxelles je t'aime
Le horla
Reuf
Jeux vidéo et débats
Ken Kaneki
Avant tu riais
Les étoiles vagabondes
Les hommes qui passent
Saturne
On verra
 
Statistiques - réponses
Réponse % Correct
On verra
97%
Les étoiles vagabondes
96%
Dans l'univers
94%
Humanoïde
94%
Ma dope
94%
Princesse
93%
Galatée
91%
Ken Kaneki
91%
Mauvaise graine
90%
Reuf
90%
Risibles amours
90%
Martin Eden
85%
Saturne
85%
Avant tu riais
84%
Tempête
84%
Ciel noir
81%
Le horla
67%
7:77 am
64%
La moue des morts
58%
Jeux vidéo et débats
57%
Koala mouillé
57%
Aucun quiz correspondant
Distribution des résultats
% des personnes avec chaque résultat
Percentile par nombre de réponses
Votre historique - résultats
Vous n’avez pas pris ce quiz